Quizzes
Events
Quiz Creation
Community
Videos
Private Events
Remove Ads
Sign In
Join for FREE
Feedback
Dark Mode
Quiz Categories
Sports
Geography
Music
Movies
Television
Just For Fun
Miscellaneous
History
Literature
Language
Science
Gaming
Entertainment
Religion
Holiday
For Kids
Quiz Lab
Recent
Popular Today
Quiz Kudos Today
Editor Picks
Curator Picks
Quizzes by...
Day
Popularity
Type
Ratings
Length
Year
Community
Subscriptions
Recent Discussions
Orange Saloon
Badges
Playlists
Quests
Create
Leaderboards
Showdown
Live 5
Trivia Bingo
Activity
Puzzle Library
Sporcle Events
Private Events
Virtual Trivia
Globe League
Become a Host
Pub Owners
SporcleCon
Opinionation
Our Games
Videos
Blog
Mobile Apps
Partnerships
Remove Ads and Go Orange
Feedback
Music
Pop Music
The Beatles
Song
Album
Lyrics
Bands
Singers
Artist
Clip
Rock
Rap
Classical
Billboard
Country Music
Kpop
Taylor Swift
Music
Pop Music
The Beatles
Song
Album
Lyrics
Bands
Singers
Artist
Clip
Rock
Rap
Classical
Billboard
Country Music
Kpop
Taylor Swift
Random Quiz
Search Sporcle
×
Quiz Lab
Quiz Lab
Music
Numbers
Type in answers that appear in a list
Type in answers that appear in a list
Classic
Best Score? Go Orange.
Christmas Number One Singles (UK) Stats
Can you name the Christmas Number One Singles (UK) performers?
By
noldcw
6m
58 Questions
1,436 Plays
1,436 Plays
1,436 Plays
Comments
Comments
Give Quiz Kudos
Give Quiz Kudos
-
- Ratings
hide this ad
Replay
Link that replays current quiz
Next Quiz
Link to next quiz in quiz playlist
You Got
0%
They Got
Avg Score
61%
Avg Friend Score
Upgrade to see
Score Distribution
Jump to the score distribution portion of the page
Score
0/58
Timer
06:00
0
Plays Today
Year
Performer
% Correct
1975
Queen
94.9%
1991
Queen
94.9%
1984
Band Aid
91.4%
1989
Band Aid II
91.4%
2004
Band Aid 20
91.4%
1996
Spice Girls
88%
1997
Spice Girls
88%
1998
Spice Girls
88%
1963
The Beatles
87%
1964
The Beatles
87%
1965
The Beatles
87%
1967
The Beatles
87%
1988
Cliff Richard
86.9%
1990
Cliff Richard
86.9%
2000
Bob the Builder
86.2%
1995
Michael Jackson
85.8%
1993
Mr. Blobby
82.9%
1973
Slade
82.2%
2002
Girls Aloud
82.1%
1992
Whitney Houston
82%
1994
East 17
79.4%
1979
Pink Floyd
77.9%
2001
Robbie Williams & Nicole Kidman
77.8%
2009
Rage Against The Machine
74.8%
2008
Alexandra Burke
74.3%
2006
Leona Lewis
74%
1977
Wings
72.6%
1962
Elvis Presley
72.2%
1969
Rolf Harris
71%
Year
Performer
% Correct
1978
Boney M
69.9%
1999
Westlife
69.9%
1981
The Human League
67.6%
1985
Shakin' Stevens
64.6%
1966
Tom Jones
61%
2007
Leon Jackson
60.6%
2005
Shayne Ward
60.2%
1987
Pet Shop Boys
59.6%
1974
Mud
58.8%
2003
Michael Andrews & Gary Jules
52.9%
1971
Benny Hill
52.8%
1972
Little Jimmy Osmond
51%
1986
Jackie Wilson
46.7%
1976
Johnny Mathis
43.1%
1983
The Flying Pickets
42.9%
1980
St. Winifred's School Choir
40.4%
1968
The Scaffold
34%
1961
Danny Williams
33.8%
1960
Cliff Richard & The Shadows
30.5%
1952
Al Martino
25.5%
1957
Harry Belafonte
23.6%
1970
Dave Edmunds
21.9%
1958
Conway Twitty
12.7%
1954
Winifred Atwell
12.1%
1953
Frankie Laine
11.6%
1959
Emile Ford & The Checkmates
10.4%
1956
Johnnie Ray
9.7%
1955
Dicke Valentine
8.6%
1982
Renée and Renato
7.3%
Quiz Playlist
Details
Report
Send in Message
Add To Playlist
Classic:
Type in answers that appear in a list
Quiz Source
Last Updated: Feb 16, 2017
Quiz Scoreboard
CHALLENGE
Sign Up to Join the Scoreboard
Show All
Scores
Hide
Comments
May contain spoilers
Recently Published
Alphabetical 'K' Countries by Flag Minefield
by ylime102
Geography
3m
Pick 6: Fruits
by JohnFran
Miscellaneous
15s
Click the 1999 NBA Draft
by nibperrychub
Sports
2m
More to Explore
Quiz From the Vault
Featured Blog Post
15 Basketball Trivia Facts You Can Be March Mad About
hide this ad
You Might Also Like...
Tags
Christmas Quiz
Numbers Quiz
Religious Holiday Quiz
Song Quiz
Performer
Single
Today's Top Quizzes in Music
Browse Music
hide this ad
Today's Top Quizzes in Numbers
Browse Numbers
Top Contributed Quizzes in Music
1
Taylor Swift All Songs (2024)
2
KPOP LOGIC QUIZ
3
A Taylor Swift Logic Puzzle
4
Guess the Taylor Swift song (Mystery Song)
5
K-Pop Murder Mystery Logic Quiz
6
Taylor Swift Logic Puzzle
7
Guess The Taylor Swift Lyrics Song #1
8
kpop group name match up
9
NCT 2020 Logic Puzzle
10
K-Pop : 100 Debut Songs (Part 1 of 3)
Explore More
Trending Topics
Disney
Crossword
Kpop
NBA
Anime
Marvel
Harry Potter
Soccer
The Office
NFL
WWE
Pokémon
Puzzle
Country
Song
hide this ad
More By:
noldcw
Quiz
Plays
Rating
Category
Featured
Created
Emmy - Writing (Comedy)
27,375
4.18
Television
Oct 10, 2009
Emmy - Writing (Drama)
21,129
4.15
Television
Oct 10, 2009
Emmy - Best Supporting Actress (Comedy)
13,986
4.40
Television
Apr 30, 2010
Christmas Number One Singles (UK)
1,436
3.67
Music
Dec 21, 2009
Highest Grossing Films without Sequels
714
4.00
Movies
Dec 11, 2009
Go to Creator's Profile
Score Distribution
Quiz Creator Spotlight
noldcw
Follow
Send a Message
Quizzes Created
-
Created Quiz Play Count
-
More By This Creator
Popular Quizzes Today
1
Countries of Asia Without Outlines Minefield
2
Find the US States - No Outlines Minefield
3
Pick 6: Fruits
4
Alphabetical 'K' Countries by Flag Minefield
5
The Countries of the World
6
Find the US States
7
US States
8
Match the Book to the Film X
More Music Quizzes
Taylor Swift Songs
Quiz Lab
Trending Quizzes
Pick 6: Mountains
Pick 6: Harry Potter
Pick 6: NFL Teams
Pick 6: Movie Franchises
Pick 6: Golfers
Recently Updated
NWSL Teams
pecheneg
Women's Final Four Teams by Year
bhenderson79
Presidents Quartet II
eogle
Anything But Clue(do)
eogle
Anything But Oceanian Capitals
eogle
Anything But 7
eogle
Anything But Thing
eogle
Word Ladder: February 29
pecheneg
Song Title Questions
pecheneg
Women's NCAA Tournament #1 Seeds
pecheneg
Trending Topics
Kpop
Harry Potter
Crossword
Marvel
Anime
Disney
NBA
Soccer
Country
The Office
Puzzle
Song
WWE
Pokémon
NFL
Your Account Isn't Verified!
In order to create a playlist on Sporcle, you need to verify the email address you used during registration. Go to your
Sporcle Settings
to finish the process.
Report this User
Report this user for behavior that violates our
Community Guidelines
.
Details:
Send Report
Go to the Sporcle.com Mobile Site →
Comments